[Event "Quebec Olympiade"]
[Site "Quebec"]
[Date "2018.12.12"]
[Round "5"]
[White "Potvin, Alain Nicolas"]
[Black "Laprade, Jean Jr"]
[Result "0-1"]
[WhiteElo "1719"]
[BlackElo "1634"]
[PlyCount "66"]
[EventDate "2018.11.14"]
[EventType "swiss"]
[EventRounds "5"]
[EventCountry "CAN"]
[SourceTitle "EXT 2022"]
[Source "ChessBase"]
[SourceDate "2021.10.06"]
[SourceVersion "1"]
[SourceVersionDate "2021.10.06"]
[SourceQuality "1"]

1. d4 Nf6 2. Nf3 d5 3. Nbd2 e6 4. e3 Be7 5. Bd3 0-0 6. 0-0 c5 7. b3 Nc6 8. Bb2 Bd7 9. a3 a6 10. Ne5 Nxe5 11. dxe5 Ne8 12. f4 g6 13. Rf3 Ng7 14. Rh3 b5 15. c4 Rb8 16. Qc2 Qc7 17. Rf1 Rfc8 18. g4 bxc4 19. bxc4 Rb6 20. Bc3 Qb7 21. f5 exf5 22. gxf5 Nxf5 23. Bxf5 gxf5 24. Nf3 Rg6+ 25. Kf2 dxc4 26. Rb1 Qc6 27. Rg3 Rxg3 28. hxg3 Be6 29. a4 Rd8 30. a5 Rd3 31. Rb6 Qe4 32. Bd2 c3 33. Bc1 Rd2+ 0-1

[Event "Quebec Olympiade"]
[Site "Quebec"]
[Date "2018.11.14"]
[Round "1"]
[White "Laprade, Jean Jr"]
[Black "Marquis, Paul"]
[Result "0-1"]
[WhiteElo "1634"]
[BlackElo "1924"]
[PlyCount "62"]
[EventDate "2018.11.14"]
[EventType "swiss"]
[EventRounds "5"]
[EventCountry "CAN"]
[SourceTitle "EXT 2022"]
[Source "ChessBase"]
[SourceDate "2021.10.06"]
[SourceVersion "1"]
[SourceVersionDate "2021.10.06"]
[SourceQuality "1"]

1. e4 d6 2. d4 Nf6 3. Nc3 g6 4. f4 Bg7 5. Nf3 c5 6. dxc5 Qa5 7. Bd2 Qxc5 8. Bd3 Bg4 9. h3 Bxf3 10. Qxf3 Nc6 11. Be3 Qa5 12. Bd2 Qb6 13. Bb5 0-0 14. Bxc6 bxc6 15. Qd3 Nd7 16. a4 Nc5 17. Qe3 Qxb2 18. Rc1 Qa3 19. 0-0 Bxc3 20. Bxc3 Nxe4 21. Qxe4 Qxc3 22. Rf3 Qc5+ 23. Kh2 d5 24. Qe5 Rab8 25. h4 Rb4 26. Qe1 Re4 27. Qd2 Qc4 28. Kg3 e5 29. Rcf1 Re2 30. Qd3 exf4+ 31. Rxf4 Qxd3+ 0-1

[Event "Quebec Alekhine"]
[Site "Quebec"]
[Date "2018.09.12"]
[Round "2"]
[White "Laprade, Jean Jr"]
[Black "Marquis, Paul"]
[Result "1/2-1/2"]
[WhiteElo "1651"]
[BlackElo "1898"]
[PlyCount "74"]
[EventDate "2018.09.05"]
[EventType "swiss"]
[EventRounds "5"]
[EventCountry "CAN"]
[SourceTitle "EXT 2022"]
[Source "ChessBase"]
[SourceDate "2021.10.06"]
[SourceVersion "1"]
[SourceVersionDate "2021.10.06"]
[SourceQuality "1"]

1. e4 d6 2. d4 Nf6 3. Nc3 g6 4. f4 Bg7 5. Nf3 c5 6. dxc5 Qa5 7. Bd2 Qxc5 8. Bd3 Nc6 9. a3 Bg4 10. Bb5 Nxe4 11. Bxc6+ Qxc6 12. Nxe4 Qxe4+ 13. Qe2 Bxf3 14. gxf3 Qxe2+ 15. Kxe2 0-0 16. c3 Rfc8 17. Be3 Rc4 18. Rhg1 f5 19. h4 a5 20. h5 Kf7 21. hxg6+ hxg6 22. Rh1 Rh8 23. Rxh8 Bxh8 24. Rh1 Bg7 25. Rh7 Kg8 26. Rh1 a4 27. Rd1 Rc6 28. Rd5 e6 29. Rb5 Rc7 30. Rb4 Bf6 31. Rxa4 Rh7 32. Rb4 Kf8 33. Rb6 Rd7 34. Kd3 Ke7 35. Rb4 Ke8 36. a4 Bd8 37. Rb5 Bf6 1/2-1/2

[Event "Quebec Botvinnick"]
[Site "Quebec"]
[Date "2018.02.26"]
[Round "5"]
[White "Laprade, Jean Jr"]
[Black "Flor, Gerson"]
[Result "1-0"]
[WhiteElo "1675"]
[BlackElo "1408"]
[PlyCount "37"]
[EventDate "2018.01.29"]
[EventType "swiss"]
[EventRounds "5"]
[EventCountry "CAN"]
[SourceTitle "EXT 2022"]
[Source "ChessBase"]
[SourceDate "2021.10.06"]
[SourceVersion "1"]
[SourceVersionDate "2021.10.06"]
[SourceQuality "1"]

1. e4 e6 2. d4 d5 3. Nd2 c5 4. exd5 Qxd5 5. Ndf3 cxd4 6. Qxd4 Nf6 7. Bc4 Qe4+ 8. Qxe4 Nxe4 9. Nd2 Bb4 10. c3 Nxd2 11. Bxd2 Bc5 12. Nf3 0-0 13. 0-0 b6 14. Bf4 Ba6 15. Bxa6 Nxa6 16. Rfd1 Rfd8 17. Kf1 Rac8 18. Ke2 Rd7 19. Rxd7 1-0

[Event "Quebec Botvinnick"]
[Site "Quebec"]
[Date "2017.02.27"]
[Round "3"]
[White "Potvin, Alain Nicolas"]
[Black "Laprade, Jean Jr"]
[Result "0-1"]
[WhiteElo "1764"]
[BlackElo "1635"]
[PlyCount "150"]
[EventDate "2017.02.13"]
[EventType "swiss"]
[EventRounds "5"]
[EventCountry "CAN"]
[SourceTitle "EXT 2022"]
[Source "ChessBase"]
[SourceDate "2021.10.06"]
[SourceVersion "1"]
[SourceVersionDate "2021.10.06"]
[SourceQuality "1"]

1. d4 Nf6 2. Nf3 d5 3. e3 e6 4. Bd3 c5 5. b3 Nc6 6. a3 Bd6 7. Bb2 0-0 8. Ne5 Qc7 9. f4 cxd4 10. exd4 Ne7 11. 0-0 Ne4 12. Nd2 f5 13. c4 Ng6 14. Rc1 Bxe5 15. dxe5 Qb6+ 16. c5 Qc7 17. b4 Bd7 18. Bd4 a6 19. Be3 Ne7 20. Nf3 Rfc8 21. Nd4 Nc6 22. g4 Nxd4 23. Bxd4 g6 24. g5 Qd8 25. h4 Qe8 26. Rf3 Kg7 27. Kg2 Qe7 28. Rh3 Rh8 29. Qe2 Qe8 30. Rch1 Bc6 31. h5 Qf7 32. h6+ Kf8 33. Qa2 Qd7 34. Rb1 Ke7 35. Be2 Rhc8 36. Bd1 Bb5 37. Bb3 Bc6 38. a4 Qe8 39. Bd1 Qd7 40. Ra3 Qe8 41. Be2 Qd7 42. b5 axb5 43. Bxb5 Rcb8 44. Bxc6 bxc6 45. a5 Rxb1 46. Qxb1 Qa7 47. Qb6 Qa6 48. Qxa6 Rxa6 49. Kf3 Kd7 50. Ke2 Kc7 51. Kd3 Kd7 52. Bc3 Kc7 53. Be1 Nxc5+ 54. Kd4 Ne4 55. Bb4 Kd7 56. Rb3 Kc7 57. Rb2 Kd7 58. Be1 Kc7 59. Rb1 c5+ 60. Kd3 c4+ 61. Kd4 c3 62. Ra1 c2 63. Rc1 Rc6 64. Bb4 Kb7 65. Bd6 Ka6 66. Bb4 Rc4+ 67. Kd3 Rxb4 68. Rxc2 Rb3+ 69. Ke2 d4 70. Rc6+ Kxa5 71. Rxe6 Re3+ 72. Kd1 d3 73. Re7 d2 74. Rd7 Re1+ 75. Kc2 Rc1+ 0-1

[Event "Quebec Botvinnik"]
[Site "Quebec"]
[Date "2016.01.25"]
[Round "3"]
[White "Lessard, Claude"]
[Black "Laprade, Jean Jr"]
[Result "1-0"]
[WhiteElo "2025"]
[BlackElo "1503"]
[PlyCount "55"]
[EventDate "2016.01.11"]
[EventType "swiss"]
[EventRounds "5"]
[EventCountry "CAN"]
[SourceTitle "EXT 2022"]
[Source "ChessBase"]
[SourceDate "2021.10.06"]
[SourceVersion "1"]
[SourceVersionDate "2021.10.06"]
[SourceQuality "1"]

1. d4 Nf6 2. Nf3 e6 3. g3 d5 4. Bg2 b6 5. 0-0 Bb7 6. Ne5 Be7 7. c4 0-0 8. Nc3 c6 9. cxd5 cxd5 10. e3 a6 11. f4 Nbd7 12. Bd2 b5 13. Ne2 Nb6 14. Ba5 Qd6 15. Bxb6 Qxb6 16. g4 Qd6 17. Ng3 Nd7 18. g5 g6 19. h4 f6 20. gxf6 Bxf6 21. Qg4 Bxe5 22. fxe5 Qe7 23. Bh3 Rae8 24. h5 Qg7 25. Rac1 Rxf1+ 26. Rxf1 Nxe5 27. dxe5 Qxe5 28. Qf4 1-0